| 000 | 00506cam a2200145 4500500 | ||
|---|---|---|---|
| 005 | 20251228053032.0 | ||
| 041 | _afre | ||
| 042 | _adc | ||
| 100 | 1 | 0 |
_aClaude, Viviane _eauthor |
| 245 | 0 | 0 | _aDanièle Voldman, Fernand Pouillon, architecte, Paris, Payot, 2006, 362 p. |
| 260 | _c2008. | ||
| 500 | _a2 | ||
| 786 | 0 | _nEspaces et sociétés | 131 | 4 | 2008-02-08 | p. 183a-201a | 0014-0481 | |
| 856 | 4 | 1 | _uhttps://shs.cairn.info/revue-espaces-et-societes-2007-4-page-183a?lang=fr&redirect-ssocas=7080 |
| 999 |
_c1584997 _d1584997 |
||